Normal view
MARC view
- Graham, David Acret, Danny
Entry Personal Name
001 - CONTROL NUMBER
- control field: 61470
003 - CONTROL NUMBER IDENTIFIER
- control field: NUST
005 - DATE AND TIME OF LATEST TRANSACTION
- control field: 20210628202746.0
008 - FIXED-LENGTH DATA ELEMENTS
- fixed length control field: 210628|| aca||aabn | a|a d
040 ## - CATALOGING SOURCE
- Original cataloging agency: NUST
- Transcribing agency: NUST
100 ## - HEADING--PERSONAL NAME
- Personal name: Graham, David Acret, Danny
670 ## - SOURCE DATA FOUND
- Source citation: Work cat.: (NUST): Graham, David Acret, Danny, The guinness guide to golf equipment, 1993
